| 000 | 00904nas a2200253Ia 4500 | ||
|---|---|---|---|
| 001 | R007/F1434 | ||
| 003 | IT-RoPAU | ||
| 008 | 151124c99999999xx |||||||||||| ||und|| | ||
| 040 | _aIT-RoPAU | ||
| 040 | _cIT-RoPAU | ||
| 041 | _aITALIANO | ||
| 100 |
_aTassi Fabrizio _gCodice Aut. SPICS: 50490 |
||
| 210 | _aCINEFORUM | ||
| 222 | _aCineforum | ||
| 245 |
_aCINEFORUM, ANNO 38-N.02 (MARZO 1998) _bKeep Cool di Zhang Yimou |
||
| 250 | _a1a ed. | ||
| 260 |
_aBERGAMO _bFEDERAZIONE ITALIANA CINEFORUM _c1998 |
||
| 501 |
_bPaulus - SPICS - Società San Paolo EM (non-commercial uses only) _cCopyright2015 |
||
| 300 | _a3 p. [74-76] | ||
| 362 | _aANNO 038, N.02 (MARZO 1998) | ||
| 500 | _aScheda e Recensione del Film Cinese. Cinema da Guardare Proprio in Quanto Cinema Duello di Zhang Yimou. C'Era una Volta la Cina di Marx a Confucio. | ||
| 650 |
_aCINEMA _vPUBBLICAZIONE PERIODICA |
||
| 942 | _cCR | ||
| 999 |
_c163697 _d163697 |
||